| 000 | 01934cam a2200349 a 4500 | ||
|---|---|---|---|
| 001 | 15564284 | ||
| 003 | OSt | ||
| 005 | 20260319141420.0 | ||
| 008 | 081222s2009 ilu b 001 0 eng | ||
| 010 | _a 2008054478 | ||
| 020 |
_a9780830833603 _qpbk. : alk. paper |
||
| 020 |
_a0830833609 _qpbk. : alk. paper |
||
| 035 | _a15564284 | ||
| 035 | _a(OCoLC)262430792 | ||
| 040 |
_aDLC _cDLC _dBTCTA _dYDXCP _dGGB _dC#P _dBWX _dTLE _dCDX _dDLC |
||
| 050 | 0 | 0 |
_aBR1640 _b.R34 2009 |
| 100 | 1 | _aRah, Soong-Chan. | |
| 245 | 1 | 4 |
_aThe next evangelicalism : _breleasing the church from Western cultural captivity / _cSoong-Chan Rah. |
| 260 |
_aDowners Grove, Ill. : _bIVP Books, _cc2009. |
||
| 300 |
_a228 p. ; _c21 cm. |
||
| 336 |
_atext _btxt _2rdacontent |
||
| 337 |
_aunmediated _bn _2rdamedia |
||
| 338 |
_avolume _bnc _2rdacarrier |
||
| 504 | _aIncludes bibliographical references (p. [209]-226) and indexes. | ||
| 505 | 0 | _aIndividualism : the heartbeat of Western, white cultural captivity -- Consumerism and materialism : the soul of Western, white cultural captivity -- Racism : the residue of Western, white cultural captivity -- The Church growth movement and megachurches -- The emergent church's captivity to Western, white culture -- The cultural imperialism of the Western, white captivity of the church -- Suffering and celebration : learning from the African American and Native American communities -- Holistic evangelism : learning from the immigrant church -- A multicultural worldview : learning from the second generation. | |
| 650 | 0 |
_aEvangelicalism _xHistory _y21st century. |
|
| 650 | 0 |
_aChurch history _y21st century. |
|
| 906 |
_a7 _bcbc _corignew _d1 _eecip _f20 _gy-gencatlg |
||
| 942 |
_2lcc _cBK |
||
| 999 |
_c21571 _d21570 |
||